Hombres de relieve de la iglesia chilena

সংরক্ষণ করুন:
গ্রন্থ-পঞ্জীর বিবরন
প্রধান লেখক: Araneda Bravo, Fidel (Author)
বিন্যাস: গ্রন্থ
ভাষা:স্প্যানিশ
প্রকাশিত: Santiago Difusión Chilena 1946
সংস্করন:1a. ed
বিষয়গুলি:
ট্যাগগুলো: ট্যাগ যুক্ত করুন
কোনো ট্যাগ নেই, প্রথমজন হিসাবে ট্যাগ করুন!

MARC

LEADER 00000nam a2200000 a 4500
001 UCL1027
003 CL-VaPUC
005 20250103100357.0
008 030829e19461214CL |||||||||||||||||spa|d
999 |c 304713  |d 304711 
040 |c Pontificia Universidad Católica de Valparaíso 
082 0 4 |a 270.0983  |b ARA  |2 21 
100 0 |a Araneda Bravo, Fidel  |e author  |9 470713 
245 1 0 |a Hombres de relieve de la iglesia chilena 
250 |a 1a. ed 
260 |a Santiago  |b Difusión Chilena  |c 1946 
300 |a v 
583 |a last modification  |c 20170526 09:09:39  |k Rodrigo Vera 
600 0 7 |a ERRAZURIZ, CRESCENTE  |2 CL-VaPUC  |9 372040 
600 0 7 |a Larraín Gandarillas, Joaquín  |d 1822-1897  |9 859904 
600 0 7 |a VALDIVIESO, RAFAEL VALENTIN  |2 CL-VaPUC  |9 315186 
600 0 7 |a SILVA LEZAETA, LUIS  |2 CL-VaPUC  |9 477801 
600 0 7 |a FUENZALIDA GUZMAN, GILBERTO  |2 CL-VaPUC  |9 477802 
600 0 7 |a SUBERCASEAUX ERRAZURIZ, JUAN  |2 CL-VaPUC  |9 477803 
650 0 |a Iglesia Católica  |9 256114 
650 0 |a Biografías  |9 255210 
651 7 |a CHILE  |2 CL-VaPUC  |9 477804 
852 |a BIBCUR 
942 |c BK  |2 ddc 
945 |d 20030829 00:00:00  |a rbrito 
952 |0 0  |1 0  |4 0  |6 270_098300000000000_ARA_1946  |7 0  |8 P  |9 367384  |a BIBTEO  |b BIBTES  |c TEO_FTES  |d 2019-11-21  |i 2071525  |o 270.0983 ARA 1946  |p 2071525  |r 2024-01-18  |w 2019-11-21  |y BK  |k ICR 
952 |0 0  |1 0  |4 0  |6 270_098300000000000_ARA_1946  |7 0  |8 P  |9 367385  |a BIBTEO  |b BIBTES  |c TEO_FTES  |d 2019-11-21  |i 3170837  |o 270.0983 ARA 1946  |p 3170837  |r 2024-01-18  |w 2019-11-21  |y BK  |k ICR 
952 |0 0  |1 0  |4 0  |6 270_098300000000000_ARA_1946  |7 0  |8 X  |9 367386  |a FDOBUD  |b FDOBUD  |d 2019-11-21  |h v.1  |i 1007564  |o 270.0983 ARA 1946  |p 1007564  |r 2019-11-21  |w 2019-11-21  |y BK_X  |k BUD 
952 |0 0  |1 0  |4 0  |6 270_098300000000000_ARA_1946  |7 0  |8 X  |9 367387  |a FDOBUD  |b FDOBUD  |d 2019-11-21  |h v.2  |i 1007572  |o 270.0983 ARA 1946  |p 1007572  |r 2019-11-21  |w 2019-11-21  |y BK_X  |k BUD